1639 1219 1912 1152 1666 1658 1687 1811 1008 1854 1955 1150 1235 1110 1181 1044 1793 1114 1776 1820 1605 1556 1791 1867 1189 1814 1537 1335 1687 1965 1375 1689 1272 1873 1070 1489 1169 1969 1410 1761 1556 1743 1539 1866 1523 1094 1839 1066 1587 1158 1631 1333 1692 1762 1136 1702 1098 1785 1522 1864 1481 1943 1741 1430 1949 1985 1236 1380 1618 1029 1665 1446 1175 1400 1882 1741 1221 1682 1693 1289 1700 1220 1591 1864 1743 1964 1625 1171 1641 1496 1836 1885 1922 1019 1677 1255 1582 1313 1076 BCNSPRNW ULIB Ver.6.0+V

เปลี่ยนเป็นภาษาไทย

Change to English
 แสดงรายละเอียดบรรณานุกรม
  กลับหน้าหลัก

Brief Record : Get Marc (ISO 2709) : E-mail record : QR code < ปิดหน้าต่าง
LEADER : 00000nam 2200000uu 4500
001    13399128345
003     ULIB
008    230620s2565||||th 000 0 tha d
020    ^a9789740341543
060 04 ^aWY160^bส786ท
100 0  ^aสุธีกาญจน์ ไชยลาภ
245 10 ^aทฤษฎีและกระบวนการพยาบาลบุคคลที่มีภาวะสูญเสีย เศร้าโศก ซึมเศร้าและเสี่ยงต่อการทำอัตวินิบาตกรรม /^cสุธีกาญจน์ ไชยลาภ
250    ^aพิมพ์ครั้งที่ 1
260    ^aกรุงเทพฯ :^bสำนักพิมพ์จุฬาลงกรณ์มหาวิทยาลัย,^c2565
300    ^a442, [8] หน้า :^bภาพประกอบ ;^c26 ซม.
504    ^aมีบรรณานุกรมและดัชนี
505 0  ^aภาวะเศร้าโศกจากการสูญเสีย -- ภาวะซึมเศร้า --พฤติกรรมเสี่ยงต่อการทำร้ายตนเองและการทำอัตวินิบาตกรรม (การฆ่าตัวตาย)-- การประยุกต์แนวคิดและทฤษฎีในการพยาบาลสุขภาพจิตและจิตเวช --การพยาบาลบุคคลที่มีภาวะเศร้าโศกจากการสูญเสีย --การพยาบาลผู้ป่วยโรคซึมเศร้า --การพยาบาลบุคคลที่มีพฤติกรรมเสี่ยงต่อการทำร้ายตนเองและการทำอัตวินิบาตกรรม (การฆ่าตัวตาย)
650  2 ^aPsychiatric Nursing
650  4 ^aการพยาบาลจิตเวชศาสตร์
650  4 ^aความซึมเศร้า^xการพยาบาล
650  4 ^aการฆ่าตัวตาย^xการรักษา
945    ^p460^l0^i009693
945    ^p460^l0^i009694
945    ^p460^l0^i009695
945    ^p460^l0^i009696
945    ^p460^l0^i009697
945    ^p460^l0^i009698
945    ^p460^l0^i009699
945    ^p460^l0^i010517
945    ^p460^l0^i010519
945    ^p460^l0^i010520
945    ^p460^l0^i010521
945    ^p460^l0^i010522
945    ^p460^l0^i010523
945    ^p460^l0^i010524
945    ^p460^l0^i010525
945    ^p460^l0^i010526
945    ^p460^l0^i010527
999    ^aประนอม เกษจรัล
รายการนี้ยังไม่มีแท็ก
คุณยังไม่ได้ล็อกอิน คุณสามารถมีกิจกรรมร่วมกับเว็บไซต์ได้ แต่ต้องล็อกอินก่อน ::
  ล็อกอิน

รายการสื่อสารสนเทศ

ลำดับที่ ประเภท เลขเรียก/บาร์โค้ด สถานที่ สถานะ
1. Book การพยาบาล
หนังสือสำรอง
สถานะ=หนังสือสำรอง
WY160 ส786ท ฉ.1 
  Barcode: 009693
ห้องสมุดวิทยาเขตสวรรค์ประชารักษ์
►หนังสือทั่วไป
บนชั้น
2. Book การพยาบาล
Book การพยาบาล
WY160 ส786ท ฉ.10 
  Barcode: 010520
ห้องสมุดวิทยาเขตสวรรค์ประชารักษ์
►หนังสือทั่วไป
บนชั้น
3. Book การพยาบาล
Book การพยาบาล
WY160 ส786ท ฉ.11 
  Barcode: 010521
ห้องสมุดวิทยาเขตสวรรค์ประชารักษ์
►หนังสือทั่วไป
บนชั้น
4. Book การพยาบาล
Book การพยาบาล
WY160 ส786ท ฉ.12 
  Barcode: 010522
ห้องสมุดวิทยาเขตสวรรค์ประชารักษ์
►หนังสือทั่วไป
บนชั้น
5. Book การพยาบาล
Book การพยาบาล
WY160 ส786ท ฉ.13 
  Barcode: 010523
ห้องสมุดวิทยาเขตสวรรค์ประชารักษ์
►หนังสือทั่วไป
บนชั้น
6. Book การพยาบาล
Book การพยาบาล
WY160 ส786ท ฉ.14 
  Barcode: 010524
ห้องสมุดวิทยาเขตสวรรค์ประชารักษ์
►หนังสือทั่วไป
บนชั้น
7. Book การพยาบาล
Book การพยาบาล
WY160 ส786ท ฉ.15 
  Barcode: 010525
ห้องสมุดวิทยาเขตสวรรค์ประชารักษ์
►หนังสือทั่วไป
ถูกยืม กำหนดส่งวันที่ 31 พฤษภาคม 2569
  จอง
8. Book การพยาบาล
Book การพยาบาล
WY160 ส786ท ฉ.16 
  Barcode: 010526
ห้องสมุดวิทยาเขตสวรรค์ประชารักษ์
►หนังสือทั่วไป
บนชั้น
9. Book การพยาบาล
Book การพยาบาล
WY160 ส786ท ฉ.17 
  Barcode: 010527
ห้องสมุดวิทยาเขตสวรรค์ประชารักษ์
►หนังสือทั่วไป
บนชั้น
10. Book การพยาบาล
Book การพยาบาล
WY160 ส786ท ฉ.2 
  Barcode: 009694
ห้องสมุดวิทยาเขตสวรรค์ประชารักษ์
►หนังสือทั่วไป
บนชั้น
11. Book การพยาบาล
Book การพยาบาล
WY160 ส786ท ฉ.3 
  Barcode: 009695
ห้องสมุดวิทยาเขตสวรรค์ประชารักษ์
►หนังสือทั่วไป
บนชั้น
12. Book การพยาบาล
Book การพยาบาล
WY160 ส786ท ฉ.4 
  Barcode: 009696
ห้องสมุดวิทยาเขตสวรรค์ประชารักษ์
►หนังสือทั่วไป
บนชั้น
13. Book การพยาบาล
Book การพยาบาล
WY160 ส786ท ฉ.5 
  Barcode: 009697
ห้องสมุดวิทยาเขตสวรรค์ประชารักษ์
►หนังสือทั่วไป
บนชั้น
14. Book การพยาบาล
Book การพยาบาล
WY160 ส786ท ฉ.6 
  Barcode: 009698
ห้องสมุดวิทยาเขตสวรรค์ประชารักษ์
►หนังสือทั่วไป
บนชั้น
15. Book การพยาบาล
Book การพยาบาล
WY160 ส786ท ฉ.7 
  Barcode: 009699
ห้องสมุดวิทยาเขตสวรรค์ประชารักษ์
►หนังสือทั่วไป
บนชั้น
16. Book การพยาบาล
Book การพยาบาล
WY160 ส786ท ฉ.8 
  Barcode: 010517
ห้องสมุดวิทยาเขตสวรรค์ประชารักษ์
►หนังสือทั่วไป
บนชั้น
17. Book การพยาบาล
Book การพยาบาล
WY160 ส786ท ฉ.9 
  Barcode: 010519
ห้องสมุดวิทยาเขตสวรรค์ประชารักษ์
►หนังสือทั่วไป
บนชั้น

รายการใกล้เคียง
    ผู้แต่ง [สุธีกาญจน์ ไชยลาภ]

    หัวเรื่อง [Psychiatric Nursing]
    หัวเรื่อง [การพยาบาลจิตเวชศาสตร์]

BibComment


ยังไม่เคยถูกคอมเมนท์

คอมเมนท์ทรัพยากรรายการนี้
  คอมเมนท์: ทฤษฎีและกระบวนกา..


 Copyright 2026. Bcnsprnw @Library